Music Quiz

Random Music Quiz

Homestuck Vol 1-4 Quiz Stats

 Plays Quiz not verified by Sporcle

Challenge
Share
Tweet
Embed
Score 0/41 Timer 15:00
0 Plays Today
Hint Answer % Correct
2Harlequin
100%
5Sburban Countdown
100%
6Aggrieve
100%
14Explore
100%
32Hardlyquin
100%
35Sburban Jungle
100%
20Beatdown (Strider Style)
92.9%
21Harleboss
92.9%
13Vagabounce
85.7%
37Doctor
85.7%
41Doctor (Original Loop) (Bonus)
84.6%
1Showtime (Piano Refrain)
78.6%
3Showtime (Original Mix)
78.6%
4Aggrieve (Violin Refrain)
78.6%
7Showtime (Imp Strife Mix)
78.6%
8Nannaquin
78.6%
12Upward Movement (Dave Owns)
78.6%
17Aggrieve Remix
78.6%
18Verdancy (Bassline)
78.6%
25Ohgodwhat
78.6%
26Ohgodwhat Remix
78.6%
Hint Answer % Correct
28Explore Remix
78.6%
40Black
78.6%
9Skies of Skaia
71.4%
10Harlequin (Rock Version)
71.4%
15Gardener
71.4%
16Showtime Remix
71.4%
19Potential Verdancy
71.4%
22Beatdown Round 2
71.4%
23Dissension (Original)
71.4%
24Dissension (Remix)
71.4%
31Revelawesome
71.4%
11John Sleeps/Skaian Magicant
64.3%
29Chorale for Jaspers
64.3%
30Pony Chorale
64.3%
34Ballad of Awakening
64.3%
38Endless Climb
64.3%
39Atomyk Ebonpyre
64.3%
27Rediscover Fusion
57.1%
33Carefree Victory
50%
36Three in the Morning (RJ's I Can Barely Sleep In This Casino Remix)
50%

You're not logged in!

Compare scores with friends on all Sporcle quizzes.
Join for Free
OR
Log In

You Might Also Like...

Show Comments

Extras

Created Nov 28, 2016ReportNominate
Tags:discography, homestuck, webcomic

Top Quizzes Today


Score Distribution

Your Account Isn't Verified!

In order to create a playlist on Sporcle, you need to verify the email address you used during registration. Go to your Sporcle Settings to finish the process.

Report this User

Report this user for behavior that violates our Community Guidelines.

Details: